00238nam a2200085Ia 4500008004100000100002100041245004600062260003600108300000800144201216s9999 xx 000 0 und d aMorgan, James E. 0aAdministrative and supervisory management aEnglewood CliffsbPrentice Hall a318